| 000 | 00772nam a2200217 a 4500 | ||
|---|---|---|---|
| 001 | BRCA_287 | ||
| 005 | 20190320202939.0 | ||
| 008 | 930716s1992 mx-b---##b---s000-0#spa-# | ||
| 041 | _aspa | ||
| 044 | _amx | ||
| 050 | 4 |
_aF1391.P8 _b.Q56 1992 |
|
| 100 | 1 |
_aLanda Abrego, María Elena _9357 |
|
| 245 | 1 | 0 |
_aHistoria de un pueblo _bNauzontla _cMaría Elena Landa Abrego. |
| 260 |
_a[Puebla] _bGobierno del Estado de Puebla ; Comisión Puebla V Centenario _c[1992] |
||
| 300 |
_a185 p. _bil., mapas _c23 cm. |
||
| 440 | 0 |
_aColección V Centenario _9963 |
|
| 504 | _aBibliografía: p. 177-185 | ||
| 650 | 1 | 4 |
_aTenencia de la tierra _vFuentes _xHistoria _zMéxico - Santa María Nauzontla _9964 |
| 651 | 4 |
_aSanta María Nauzontla (México) _vFuentes _xHistoria _9965 |
|
| 942 |
_2lcc _cB |
||
| 999 |
_c231 _d231 |
||